000 00872nam a22002657a 4500
005 20111125121929.0
008 111125t xxu||||| |||| 00| 0 eng d
010 _aENG-104204
020 _a9781259001048
_c995.00
020 _a1259001040
_c995.00
035 _aEN-87737
037 _bDBAD / PUB
040 _adpl
_bEnglish
082 _a000
100 _929868
_aSharma, Arun
245 _aTest series for the CAT online /
_cby Arun Sharma [and] Meenakshi Upadhyay
260 _aNew Delhi
_bTata McGraw Hill
_c2012
270 _a7, West Patel Nagar
_bNew Delhi
_e110008
300 _avarious pagings
_c29cm (pbk)
650 _929869
651 _91549
700 _929871
_aUpadhyay, Meenakshi
942 _2ddc
_cEN
_mSHA
_h000
999 _c58710
_d58710